| 000 | 00475nam a22001817a 4500 | ||
|---|---|---|---|
| 003 | NUST - PNEC | ||
| 005 | 20170116180840.0 | ||
| 008 | 150819b xxu||||| |||| 00| 0 eng d | ||
| 020 | _a- | ||
| 040 | _cLIBRARY | ||
| 082 | _a610.6952 LEE | ||
| 100 |
_95328 _aLee, Russel V. |
||
| 245 |
_aThe Physician (Life Science Library) _cRussel V. Lee |
||
| 250 | _a2nd ed. | ||
| 260 |
_aHong-Kong: _bTime Life Books _cc1981. |
||
| 650 |
_95329 _aMedicine _xGeneral |
||
| 942 |
_2ddc _cBK |
||
| 999 |
_c64386 _d64386 |
||